Arsenal : 11 du XXIème siècle - Statistiques

Statistiques générales
  • Ce quiz a été pris 515 fois
    430 depuis la dernière actualisation
  • Le résultat moyen est 11 sur 16
Statistiques - réponses
Poste Nationalité Années au club Joueurs % Correct
Ailier Gauche/Buteur Français 1999-2007 Thierry Henry
98%
Milieu Central Norvégien 2021- Martin Odegaard
91%
Entraîneur Français 1996-2018 Arsène Wenger
88%
Remplaçant (Défenseur) Français 2019- William Saliba
86%
Buteur Néérlandais 2004-2012 Robin Van Persie
85%
Milieu Central Français 1996-2005 Patrick Vieira
79%
Remplaçant (Attaquant) Anglais 2018- Bukayo Saka
75%
Second Attaquant Néérlandais 1995-2006 Dennis Bergkamp
67%
Défenseur Gauche Anglais 1999-2006 Ashley Cole
64%
Remplaçant (Milieu) Espagnol 2003-2011 Cesc Fabregas
64%
Défenseur Central Ivoirien 2002-2009 Kolo Touré
61%
Gardien Allemand 2003-2008 Jens Lehmann
57%
Défenseur Central Anglais 2001-2006 Sol Campbell
57%
Remplaçant (Gardien) Polonais 2009-2017 Wojciech Szczesny
46%
Milieu Central Brésilien 2002-2008 Gilberto Silva
32%
Défenseur Droit Camerounais 2000-2006 Lauren
15%
Aucun quiz correspondant
Distribution des résultats
% des personnes avec chaque résultat
Percentile par nombre de réponses
Votre historique - résultats
Vous n’avez pas pris ce quiz depuis la dernière actualisation